<?xml version="1.0" encoding="UTF-8"?>
<record
    xmlns:xsi="http://www.w3.org/2001/XMLSchema-instance"
    xsi:schemaLocation="http://www.loc.gov/MARC21/slim http://www.loc.gov/standards/marcxml/schema/MARC21slim.xsd"
    xmlns="http://www.loc.gov/MARC21/slim">

  <leader>02734nam a2200409 a 4500</leader>
  <controlfield tag="001">Z_4259</controlfield>
  <controlfield tag="003">CHAP</controlfield>
  <controlfield tag="005">20250507125143.0</controlfield>
  <controlfield tag="007">ta</controlfield>
  <controlfield tag="008">220113s1993    mx a   fr     001 0 spa d</controlfield>
  <datafield tag="010" ind1=" " ind2=" ">
    <subfield code="a">167322</subfield>
  </datafield>
  <datafield tag="020" ind1=" " ind2=" ">
    <subfield code="a">968-24-4648-1</subfield>
  </datafield>
  <datafield tag="040" ind1=" " ind2=" ">
    <subfield code="a">Z</subfield>
    <subfield code="c">CHAP</subfield>
    <subfield code="e">rda</subfield>
  </datafield>
  <datafield tag="041" ind1="0" ind2=" ">
    <subfield code="b">Espa&#xF1;ol</subfield>
    <subfield code="f">Espa&#xF1;ol</subfield>
  </datafield>
  <datafield tag="082" ind1=" " ind2=" ">
    <subfield code="a">636.21420824 </subfield>
    <subfield code="b">F47 1993</subfield>
    <subfield code="2">20</subfield>
  </datafield>
  <datafield tag="100" ind1="1" ind2=" ">
    <subfield code="a">Fern&#xE1;ndez de C&#xF3;rdoba de la Barrera, Luis</subfield>
    <subfield code="9">141484</subfield>
    <subfield code="e">autor</subfield>
  </datafield>
  <datafield tag="245" ind1="1" ind2="0">
    <subfield code="a">Reproducci&#xF3;n aplicada en el ganado bovino lechero  /</subfield>
    <subfield code="c">Luis Fern&#xE1;ndez de C&#xF3;rdoba de la Barrera</subfield>
  </datafield>
  <datafield tag="250" ind1=" " ind2=" ">
    <subfield code="a">Primera edici&#xF3;n</subfield>
  </datafield>
  <datafield tag="264" ind1=" " ind2="1">
    <subfield code="a">M&#xE9;xico :</subfield>
    <subfield code="b">Trillas,</subfield>
    <subfield code="c">1993</subfield>
  </datafield>
  <datafield tag="300" ind1=" " ind2=" ">
    <subfield code="a">137 p&#xE1;ginas :</subfield>
    <subfield code="b">ilustraciones, tablas, diagramas</subfield>
  </datafield>
  <datafield tag="336" ind1=" " ind2=" ">
    <subfield code="2">rdacontent</subfield>
    <subfield code="a">texto</subfield>
    <subfield code="b">txt </subfield>
  </datafield>
  <datafield tag="337" ind1=" " ind2=" ">
    <subfield code="2">rdamedia</subfield>
    <subfield code="a">sin medio</subfield>
    <subfield code="b">n</subfield>
  </datafield>
  <datafield tag="338" ind1=" " ind2=" ">
    <subfield code="2">rdacarrier</subfield>
    <subfield code="a">volumen</subfield>
    <subfield code="b">nc </subfield>
  </datafield>
  <datafield tag="500" ind1=" " ind2=" ">
    <subfield code="a">ej.1 - ej.3: C/E </subfield>
  </datafield>
  <datafield tag="504" ind1=" " ind2=" ">
    <subfield code="a">Bibliograf&#xED;a: p&#xE1;ginas 107 - 112</subfield>
  </datafield>
  <datafield tag="505" ind1="0" ind2=" ">
    <subfield code="a">Pr&#xF3;logo -- Agradecimientos -- Introducci&#xF3;n -- Cap. 1. Consideraciones generales -- Cap. 2. Manejo del parto -- Cap. 3. Manejo del puerperio -- Cap. 4. Reinicio de la actividad ov&#xE1;rica -- Cap. 5. Anestro -- Cap. 6. Detecci&#xF3;n de calores -- Cap. 7. Servicio -- Cap. 8. Diagn&#xF3;stico de gestaci&#xF3;n -- Cap. 9. Anestro postservicio -- Cap. 10. Seguimiento de la gestaci&#xF3;n y preparaci&#xF3;n al parto -- Cap. 11. Preparaci&#xF3;n al parto -- Cap. 12. Medicina preventiva -- Bibliograf&#xED;a -- Ilustraciones en color -- &#xCD;ndice anal&#xED;tico.</subfield>
  </datafield>
  <datafield tag="520" ind1=" " ind2=" ">
    <subfield code="a">El continuo crecimiento de la poblaci&#xF3;n mundial provoca que la demanda alimenticia crezca a un ritmo m&#xE1;s acelerado que la producci&#xF3;n de satisfactores. Ante esta situaci&#xF3;n, resulta prioritario impulsar a las industrias ganadera y lechera; sin embargo, para mejorar la producci&#xF3;n de un hato lechero se requiere conocimientos profundos, tanto del proceso reproductivo como de los m&#xE9;todos y t&#xE9;cnicas para manejarlo y controlarlo.
Esta gu&#xED;a teoricopr&#xE1;ctica est&#xE1; dedicada al ganadero, al m&#xE9;dico veterinario zootecnista y a todas las personas relacionadas con la producci&#xF3;n lechera. Su objetivo es dar a conocer el proceso reproductivo en sus diferentes etapas: parto, puerperio, ciclo estral, inseminaci&#xF3;n artificial y gestaci&#xF3;n, a fin de que el interesado aprenda a mejorar tanto la producci&#xF3;n como la productividad del ganado lechero, y sea capaz de resolver los problemas que se presentan al aplicar los m&#xE9;todos y las t&#xE9;cnicas de reproducci&#xF3;n bovina.</subfield>
  </datafield>
  <datafield tag="650" ind1="1" ind2="3">
    <subfield code="a">Ganado bovino lechero</subfield>
    <subfield code="9">145779</subfield>
  </datafield>
  <datafield tag="650" ind1="1" ind2="3">
    <subfield code="a">Reproducci&#xF3;n de animales </subfield>
    <subfield code="9">144201</subfield>
  </datafield>
  <datafield tag="650" ind1="1" ind2="3">
    <subfield code="a">Periodo posparto</subfield>
    <subfield code="9">189792</subfield>
  </datafield>
  <datafield tag="650" ind1="1" ind2="3">
    <subfield code="a">Ciclo estral</subfield>
    <subfield code="9">190317</subfield>
  </datafield>
  <datafield tag="650" ind1="1" ind2="3">
    <subfield code="a">Partos en ganado bovino</subfield>
    <subfield code="9">189791</subfield>
  </datafield>
  <datafield tag="901" ind1=" " ind2=" ">
    <subfield code="a">636.21420824 F47 1993</subfield>
  </datafield>
  <datafield tag="902" ind1=" " ind2=" ">
    <subfield code="a">M</subfield>
  </datafield>
  <datafield tag="910" ind1=" " ind2=" ">
    <subfield code="a">1993</subfield>
  </datafield>
  <datafield tag="942" ind1=" " ind2=" ">
    <subfield code="c">LIBRO</subfield>
    <subfield code="2">ddc</subfield>
  </datafield>
  <datafield tag="999" ind1=" " ind2=" ">
    <subfield code="c">167322</subfield>
    <subfield code="d">167322</subfield>
  </datafield>
  <datafield tag="952" ind1=" " ind2=" ">
    <subfield code="0">0</subfield>
    <subfield code="1">0</subfield>
    <subfield code="2">ddc</subfield>
    <subfield code="4">0</subfield>
    <subfield code="5">1</subfield>
    <subfield code="7">0</subfield>
    <subfield code="8">GRAL</subfield>
    <subfield code="a">Z</subfield>
    <subfield code="b">Z</subfield>
    <subfield code="d">2002-06-20</subfield>
    <subfield code="e">Compra</subfield>
    <subfield code="i">C/E</subfield>
    <subfield code="o">636.21420824 F47 1993</subfield>
    <subfield code="p">5102004407</subfield>
    <subfield code="r">2022-01-18 00:00:00</subfield>
    <subfield code="t">Ej.1</subfield>
    <subfield code="w">2022-01-18</subfield>
    <subfield code="y">LIBRO</subfield>
  </datafield>
  <datafield tag="952" ind1=" " ind2=" ">
    <subfield code="0">0</subfield>
    <subfield code="1">0</subfield>
    <subfield code="2">ddc</subfield>
    <subfield code="4">0</subfield>
    <subfield code="5">1</subfield>
    <subfield code="7">0</subfield>
    <subfield code="8">GRAL</subfield>
    <subfield code="a">Z</subfield>
    <subfield code="b">Z</subfield>
    <subfield code="d">2002-06-20</subfield>
    <subfield code="e">Compra</subfield>
    <subfield code="i">C/E</subfield>
    <subfield code="l">0</subfield>
    <subfield code="o">636.21420824 F47 1993</subfield>
    <subfield code="p">5102005392</subfield>
    <subfield code="r">2025-04-30 13:55:43</subfield>
    <subfield code="t">Ej.2</subfield>
    <subfield code="w">2025-04-30</subfield>
    <subfield code="y">LIBRO</subfield>
  </datafield>
  <datafield tag="952" ind1=" " ind2=" ">
    <subfield code="0">0</subfield>
    <subfield code="1">0</subfield>
    <subfield code="2">ddc</subfield>
    <subfield code="4">0</subfield>
    <subfield code="5">1</subfield>
    <subfield code="7">0</subfield>
    <subfield code="8">GRAL</subfield>
    <subfield code="a">Z</subfield>
    <subfield code="b">Z</subfield>
    <subfield code="d">2007-04-19</subfield>
    <subfield code="e">Compra</subfield>
    <subfield code="i">C/E</subfield>
    <subfield code="l">0</subfield>
    <subfield code="o">636.21420824 F47 1993</subfield>
    <subfield code="p">5102001513</subfield>
    <subfield code="r">2025-04-30 13:55:43</subfield>
    <subfield code="t">Ej.3</subfield>
    <subfield code="w">2025-04-30</subfield>
    <subfield code="y">LIBRO</subfield>
  </datafield>
</record>
